| 000 | 00796nam a22002297a 4500 | ||
|---|---|---|---|
| 999 |
_c3063 _d3063 |
||
| 003 | AR-CdUCM | ||
| 008 | 190305b ||||| |||| 00| 0 spa d | ||
| 040 |
_aMUNICIPALIDAD PROVINCIAL DEL CUSCO _cBIBLIOTECA MUNICIPAL DEL CUSCO |
||
| 082 |
_a869.53 / _bC34 |
||
| 100 |
_aCastillo Andraca y Tamayo, Fray Francisco del _910398 |
||
| 245 | _aObras completas de Fray Francisco del Castillo Andraca y Tamayo / | ||
| 260 |
_aLima : _bStadium, _c1948. |
||
| 300 |
_axxxii, 299 páginas ; _c21 cm. |
||
| 440 |
_aClásicos Peruanos _n2 _910399 |
||
| 500 | _aDonación de la familia Nieto | ||
| 650 |
_aTeatro peruano _92697 |
||
| 650 |
_aSiglo XVIII _9837 |
||
| 650 |
_aPoesía Peruana _910400 |
||
| 700 |
_aVargas Ugarte, Rubén (Introducción y notas) _910401 |
||
| 942 |
_2ddc _cLIBROS |
||
| 945 | _araen | ||